| 000 | 00929cam a2200301 a 4500 | ||
|---|---|---|---|
| 999 |
_c531482 _d531482 |
||
| 001 | 3538165 | ||
| 003 | NUST | ||
| 005 | 20191017152638.0 | ||
| 008 | 960930s1996 enka b 001 0 eng d | ||
| 010 | _a 96223096 | ||
| 035 | _a(OCoLC)35655611 | ||
| 038 | _aMSOHAIL | ||
| 040 |
_aICU _cICU _dDLC |
||
| 042 | _alccopycat | ||
| 050 | 0 | 0 |
_aHT165.5 _b.R37 1996 |
| 082 | _a0 | ||
| 100 | 1 |
_aJohn Ratcliffe _924255 |
|
| 245 | 1 | 0 | _aUrban planning and real estate development / |
| 260 |
_aLondon ; _aBristol, PA : _bUCL Press, _c2002. |
||
| 300 |
_ax, 497 p. : _bill. ; _c24 cm. |
||
| 440 | 4 |
_v8 _924259 |
|
| 504 | _aIncludes bibliographical references and index. | ||
| 650 | 0 |
_aCity planning. _9808 |
|
| 650 | 0 |
_aReal estate development. _924256 |
|
| 906 |
_a7 _bcbc _ccopycat _d2 _encip _f19 _gy-gencatlg |
||
| 942 |
_2ddc _cBK |
||